Welcome to the Holygrace Academy Library

Please use search bar below to get started

GOLDILOCKS AND THE THREE BEARS (Record no. 3811)

MARC details
000 -LEADER
fixed length control field 00300nam a22001337a 4500
020 ## - INTERNATIONAL STANDARD BOOK NUMBER
ISBN 0-7214-1558-X
082 ## - DEWEY DECIMAL CLASSIFICATION NUMBER
Classification number 823
Item number DAL/G
100 ## - MAIN ENTRY--AUTHOR NAME
Personal name DALY, AUDREY
245 ## - TITLE STATEMENT
Title GOLDILOCKS AND THE THREE BEARS
260 ## - PUBLICATION, DISTRIBUTION, ETC. (IMPRINT)
Place of publication UK
Name of publisher LADYBIRD
300 ## - PHYSICAL DESCRIPTION
Number of Pages 29.5.2014
650 ## - SUBJECT ADDED ENTRY--TOPICAL TERM
Topical Term ENGLISH SHORT STORY
Geographic subdivision UK
942 ## - ADDED ENTRY ELEMENTS (KOHA)
Koha item type Books
Holdings
Withdrawn status Lost status Collection code Home library Current library Shelving location Date acquired Source of acquisition Full call number Accession Number Koha item type
    Fiction Main Library Main Library SHELF 3- G LADY BIRD STORY BOOKS 29/05/2014 PURCHASE 823 DAL/G 09139 Books
    Fiction Main Library Main Library SHELF 3- G LADY BIRD STORY BOOKS 14/05/2014 PURCHASE 823 DAL/G 08931 Books
    Fiction Main Library Main Library SHELF 3- G LADY BIRD STORY BOOKS 18/03/2014 PUCHASE 823 DAL/G 06751 Books
    Fiction Main Library Main Library SHELF 3- G LADY BIRD STORY BOOKS 28/05/2014 PUCHASE 823 DAL/G 09115 Books
    Fiction Main Library Main Library SHELF 3- G LADY BIRD STORY BOOKS 10/10/2023 PUCHASE 823 DAL/G 9115 Books
    Fiction Main Library Main Library SHELF 3- G LADY BIRD STORY BOOKS 08/09/2038 PUCHASE 823 DAL/G 08769 Books
    Fiction Main Library Main Library SHELF 3- G LADY BIRD STORY BOOKS 29/05/2014 PUCHASE 823 DAL/G 09131 Books
    Fiction Main Library Main Library SHELF 3- G LADY BIRD STORY BOOKS 07/05/2011 PUCHASE 823 DAL/G 05855 Books
    Fiction Main Library Main Library SHELF 3- G LADY BIRD STORY BOOKS 19/03/2014 PUCHASE 823 DAL/G 06808 Books